00351pam a2200133 a 4500020002300000041000500023082001500028100002900043245007700072260002500149300000800174653002100182700001400203 a978-184899-011-1c h a641.562222 aCHRISTINE BAILEYeAuthor aTHE 100 FOODS YOU SHOULD BE EATINGcCHRISTINE BAILEYhTextual Documents  aLondonbDUNCAN BAIRD a144 aFood producation eCo-Author